Alle U-Bahnstationen in Nürnberg - Statistiken

Allgemein
  • Dieses Quiz wurde 973 mal gespielt
  • Das Durchschnittsergebnis liegt bei 40 aus 57
Antwortstatistiken
Antwort % Korrekt
Hauptbahnhof
98%
Hauptbahnhof
98%
Hauptbahnhof
98%
Plärrer
92%
Plärrer
92%
Plärrer
92%
Flughafen
91%
Lorenzkirche
87%
Langwasser Süd
86%
Weißer Turm
84%
Opernhaus
82%
Opernhaus
82%
Langwasser Nord
80%
Fürth Hauptbahnhof
78%
Fürth Klinikum
77%
Rathenauplatz
76%
Rathenauplatz
76%
Röthenbach
76%
Wöhrder Wiese
76%
Wöhrder Wiese
76%
Langwasser Mitte
74%
Messe
74%
Stadtgrenze
74%
Ziegelstein
74%
Fürth Hardhöhe
73%
Gostenhof
73%
Aufseßplatz
70%
Bärenschanze
68%
Nordostbahnhof
68%
Rothenburger Straße
67%
Rothenburger Straße
67%
Frankenstraße
65%
Fürth Rathaus
65%
Maximilianstraße
65%
Gustav-Adolf-Straße
63%
Maxfeld
63%
Rennweg
63%
Nordwestring
61%
Schweinau
61%
Eberhardshof
60%
Maffeiplatz
60%
Großreuth (bei Schweinau)
59%
Schoppershof
59%
Muggenhof
58%
Friedrich-Ebert-Platz
57%
Hasenbuck
56%
Herrnhütte
55%
Hohe Marter
54%
Bauernfeindstraße
53%
Jakobinenstraße
53%
Gemeinschaftshaus
52%
Klinikum Nord
52%
St. Leonhard
50%
Kaulbachplatz
49%
Fürth Stadthalle
48%
Scharfreiterring
48%
Sündersbühl
44%
Keine übereinstimmenden Quizze gefunden
Verteilung der Resultate
Anzahl Personen mit jedem Resultat
Perzentil nach korrekt beantworteten Fragen
Ihre Resultats-Entwicklung
Sie haben dieses Quiz noch nicht gespielt